000 01029nam a2200301Ia 4500
001 A8236
003 IT-RoPAU
008 130308s9999 xx 000 0 und d
040 _aIT-RoPAU
040 _cIT-RoPAU
041 _aITALIANO
100 _aPistoia Alessandro
100 _gCodice Aut. SPICS: 23256
245 _a"Dal rapporto ""rito-assemblea"" al rapporto ""liturgia-chiesa"""
245 _bMysterion-Nella celebrazione del mistero di Cristo la Vita della Chiesa
250 _a1a ed.
260 _aTORINO/LEUMANN
260 _bElle Di Ci
260 _c1981 [1° Ed.:1981 - Ed.Ling.Originale:1981]
300 _a"26 p. (prefazione: no ; testo: 26 [pagine: 233-258])"
500 _a"Problema dell'Adattamento e della Creatività nell'Assemblea Celebrante e nelle chiese Particolari. Un rito per L'Assemblea. Adattamento Posto al Servizio del ""Noi"" Ecclesiale."
650 _aSAGGI DI LITURGIA
650 _eCodice materia Spics: 9160
942 _cBK
957 _71
999 _c63602
_d63602
999 _bSI
999 _g1